000 00337nam a22001337a 4500
020 _qHB.
040 _cFIZZA ISHAQ
082 _a519.602
_bASH
100 _aTIRUPATHI,D.ASHOK.
_990792
245 _aOPTIMIZATION CONCEPTS AND APPLICATIONS /
_cASHOK D.TIRUPATHI.
260 _aCAMBRIDGE ;
_c2014.
300 _a449 P. ;
942 _2ddc
_cBK
999 _c589021
_d589021